| 000 | 01329nam a2200313Ia 4500 | ||
|---|---|---|---|
| 005 | 20220317001011.0 | ||
| 008 | 160825s2008 ck a g 000 0 spa | ||
| 020 | _a97895804131012 | ||
| 100 | 1 |
_aInkiow, Dimiter _d1932-2006 |
|
| 245 | 1 | 0 |
_aDe cómo decidí convertirme en hermano mayor _cDimiter Inkiow ; traducción Rafael Arteaga ; ilustraciones Michaela Reiner |
| 250 | _a1a. edición | ||
| 300 |
_a106 páginas _bilustraciones en blanco y negro _c19 cm |
||
| 490 |
_aTorre de papel _proja |
||
| 520 | _aUn niño cuenta todo el proceso que vivió desde que quiso, con todas sus fuerzas, tener un hermanito hasta que, finalmente, el bebé llegó a la casa. El nacimiento provoca anécdotas y reflexiones profundas | ||
| 650 | 1 | 4 |
_2LEMB _aNovela juvenil bulgara _ySiglo XX |
| 650 | 1 | 4 |
_2LEMB _aLiteratura juvenil bulgara _ySiglo XX |
| 650 | 1 | 4 |
_2LEMB _aBebés en la literatura |
| 650 | 1 | 4 |
_2LEMB _aRelaciones de familia en la literatura |
| 650 | 1 | 4 |
_2LEMB _aHermanos y hermanas en la literatura |
| 700 | 1 |
_aReiner, Michaela _964181 |
|
| 700 | 1 |
_aArteaga, Rafael _964182 |
|
| 942 |
_2loc _cBKLIT |
||
| 264 |
_aBogotá _bNorma _c2008 |
||
| 336 |
_atexto _btxt _2rdacontent |
||
| 337 |
_asin mediación _bn _2rdamedia |
||
| 338 |
_avolumen _bnc _2rdacarrier |
||
| 040 |
_aCO-BoRNBP _bspa _erda _cCO-BoRNBP |
||
| 084 | _aN INK1 | ||
| 999 |
_c5630 _d5630 |
||